01362nam a22003134a 4500001001200000003000800012006001900020007001500039008004100054010001700095020003600112020003500148040002100183035002000204050002600224082002100250100002700271245010000298260005600398300002600454500011700480504006400597533015200661650004600813655002900859710001700888856012600905999001701031ebr10051529CaPaEBRm u cr cn|||||||||011017s2002 caua sb 001 0 eng  z 2001006455 z0520229533 (alk. paper : cloth) z0520235150 (alk. paper : pbk.) aCaPaEBRcCaPaEBR a(OCoLC)7074333414aNX511.L67bC48 2002eb04a700/.9794/942211 aCheng, Meiling,d1960-10aIn other Los Angelesesh[electronic resource] :bmulticentric performance art /cMeiling Cheng. aBerkeley :bUniversity of California Press,cc2002. axxxiv, 407 p. :bill. a"Published in association with the Southern California Studies Center of the University of Southern California." aIncludes bibliographical references (p. 353-392) and index. aElectronic reproduction.bPalo Alto, Calif. :cebrary,d2013.nAvailable via World Wide Web.nAccess may be limited to ebrary affiliated libraries. 0aPerformance artzCaliforniazLos Angeles. 7aElectronic books.2local2 aebrary, Inc.40uhttp://site.ebrary.com/lib/rucke/Doc?id=10051529zAn electronic book accessible through the World Wide Web; click to view c76111d76111